Nazioni Serie A Player of the Month - Statistics

Statistiche generali
  • Questo quiz è stato fatto 13 volte
    6 dall'ultimo reset
  • Il punteggio medio è 12 su 17
Statistiche sulle risposte
Continente Numero titoli Numero calciatori Nazione % Corretto
America del Sud 8 5 Argentina
100%
Europa 2 2 Belgio
100%
Europa 1 1 Francia
100%
Europa 7 7 Italia
100%
America del Nord 1 1 Stati Uniti
100%
America del Sud 1 1 Colombia
80%
Africa 2 1 Nigeria
80%
Africa 2 2 Senegal
80%
Europa 1 1 Spagna
80%
Europa 2 1 Ucraina
80%
Europa 1 1 Croazia
60%
Europa 5 2 Portogallo
60%
Asia / Europa 2 1 Turchia
60%
Asia 1 1 Corea del Sud
40%
Asia / Europa 3 1 Georgia
40%
Europa 1 1 Svezia
40%
Europa 4 2 Serbia
20%
Nessun quiz corrispondente trovato
Distribuzione punteggi
Percentuale di utenti per punteggio
Percentile per numero di risposta
I tuoi punteggi nel tempo
Non hai fatto questo quiz dall'ultimo reset